RNA-viruses. Enzymatic and Receptoral Inhibitors

Enregistré dans:
Détails bibliographiques
Format: Livre
Langue:anglais
Publié: Kerala Research Signpost 2009
Accès en ligne:Voir à l'OPAC
Tags: Ajouter un tag
Pas de tags, Soyez le premier à ajouter un tag!

MARC

LEADER 00000nam a2200000 a 4500
005 20260127134407.0
008 150219 2009 000 0 eng d
020 |a 9788130803296 
035 |a vtls010655850 
039 9 |a 201502191210  |b mschk03  |y 201502191209  |z mschk03 
040 |a STUSCHK1  |b slo  |c STUSCHK1  |e AACR2 
245 1 |a RNA-viruses.  |b Enzymatic and Receptoral Inhibitors  |c Editor Antonio Carta 
260 |a Kerala  |b Research Signpost  |c 2009 
300 |a 440 s.  |b il.  |c 30 cm 
910 |a SCHK95 
919 |a 978-81-308-0329-6 
999 |c 11683  |d 11683